000 01191njm a22003017a 4500
005 20100913100347.0
007 sd ammalaaahaa
008 100913t xxu||||| |||| 00| 0 hin d
028 _aTAE. 1527
_bODEON
035 _aGR-02391
040 _aSED/VEN
100 _aBhosle, Asha
_919606
245 _aEk phool do mali /
_cby Asha Bhosle & Mohd. Rafi ; music by Ravi ; lyric by Prem Dhawan
_h[sound recording] :
246 _aएक फूल दो माली (आशा भोसले और मोहमद. रफ़ी)
260 _aDum Dum, India
_bODEON
_c1969
300 _a1 sound disc [Gramophone record] :
_banalog, 45 rpm
_c7 in.
_fGramophone record
500 _aBrief record.
500 _aODEON
500 _aBlack
500 _aExtended Play
505 _aPart 1 Parda hata do (Asha Bhosle & Mohd. Rafi) पर्दा हटा दो, Part 2 Aulad walo औलाद वालो
_r
650 _aClassical Music
_xExcerpts
_zIndia
_919607
_vPunjabi Song
700 _aMohd. Rafi
_91184
700 _aRavi
_920012
700 _a Dhawan, Prem
_920013
942 _2ddc
_cGR
999 _c45718
_d45718